| 000 | 00720nam a2200205 4500 | ||
|---|---|---|---|
| 001 | 121766 | ||
| 003 | ES-MaACL | ||
| 007 | t| | ||
| 008 | 070214s1981 mx r ||||1| spa d | ||
| 100 | 1 |
_aPlebe, Armando. _992641 |
|
| 245 | 1 | 4 |
_aUna reconsideración de la estética soviética / _cpor Armando Plebe ; traducción de Myrna Soto Pascual. |
| 250 | _a1ª ed. en español. | ||
| 260 |
_aMéxico : _bFondo de Cultura Económica, _c1981. |
||
| 300 |
_a188 p. ; _c17 cm. |
||
| 490 | 1 |
_aBreviarios del Fondo de Cultura Económica ; _v300 |
|
| 700 | 1 |
_aSoto Pascual, Myrna. _9107523 |
|
| 830 | 0 |
_aBreviarios del Fondo de Cultura Económica ; _v300 _9179682 |
|
| 852 |
_aES-MaACL _jL-8415 _bR.109091 |
||
| 999 |
_c121766 _d121766 |
||